| 000 | 00729cam a22002531 4500 | ||
|---|---|---|---|
| 001 | 3322 | ||
| 003 | BD-RjUL | ||
| 005 | 20211208233718.0 | ||
| 008 | 131218s1962 xx 000 0 eng | ||
| 035 | _a(BD-RjUL)3356 | ||
| 035 | _a(OCoLC)233313 | ||
| 040 |
_aDLC _cDLC _dDLC _dBD-RjUL _beng |
||
| 041 | _aeng | ||
| 082 | 0 | 4 |
_219 _a331.880994 _bFOT 1962 |
| 100 | 1 |
_aFoenander, Orwell de Ruyter. _910455 |
|
| 245 | 1 | 0 |
_aTrade unionism in Australia / _cOrwell de Ruyter Foenander. |
| 260 |
_bLaw Book Co. of Australasia, _c1962. _aAustralia : |
||
| 300 |
_a215 p. ; _c25 cm. |
||
| 504 | _aIncludes bibliography. | ||
| 650 | 0 |
_aLabor unions _zAustralia. _910456 |
|
| 942 |
_2ddc _cBK |
||
| 999 |
_c3322 _d3322 |
||